000
00217 a2200109 4500
020
_a
9789681104962
041
_a
spa
100
_a
Barrett, David M.
245
_a
GUIA DE LA CLINICA MAYO
942
_c
BK
952
_7
1
999
_c
18524
_d
18524